D'or et d'argent roman

Shranjeno v:
Bibliografske podrobnosti
Glavni avtor: Winsor, Kathleen
Drugi avtorji: Hérisson, Janine (traduit)
Format: Knjiga
Jezik:French
Izdano: Paris Phébus 1994
Teme:
Oznake: Označite
Brez oznak, prvi označite!
Thư viện lưu trữ: Trung tâm Học liệu Lê Vũ Hùng, Trường Đại học Đồng Tháp
LEADER 00821pam a22003018a 4500
001 00032229
005 20171026081025.0
008 140529s1994 ||||||fresd
020 # # |a 9782859403515 
041 0 # |a fre 
082 1 4 |a 843  |b D000O 
100 1 # |a Winsor, Kathleen 
245 1 0 |c Kathleen Winsor; Janine Hérisson (traduit)  |a D'or et d'argent  |b roman 
260 # # |a  Paris  |b Phébus  |c 1994 
300 # # |a 806 p  |c 21cm. 
653 # # |a Tiếng Pháp 
653 # # |a Tiểu thuyết 
653 # # |a Tác phẩm 
653 # # |a Văn học 
700 1 # |a Hérisson, Janine  |e traduit 
852 # # |b Kho đọc  |j KD.0015866 
852 # # |j KD.0015866 
910 0 # |d 29/5/2014 
980 # # |a Trung tâm Học liệu Lê Vũ Hùng, Trường Đại học Đồng Tháp